Länder mit Nuklearer Teilhabe - Statistiken

Allgemein
  • Dieses Quiz wurde 13 mal gespielt
  • Das Durchschnittsergebnis liegt bei 5 aus 6
Antwortstatistiken
Länder mit Nuklearer Teilhabe % Korrekt
Belgien
92%
Deutschland
92%
Italien
92%
Niederlande
92%
Türkei
83%
Belarus
8%
Keine übereinstimmenden Quizze gefunden
Verteilung der Resultate
Anzahl Personen mit jedem Resultat
Perzentil nach korrekt beantworteten Fragen
Ihre Resultats-Entwicklung
Sie haben dieses Quiz noch nicht gespielt